000
00324nam a2200133Ia 4500
008
240624s9999 xx 000 0 und d
041
_a
eng
082
_a
891.46 PAT
100
_a
PATIL VISHWAS
245
_a
SAMBHAJI MARATHI
260
_c
2016
_a
Pune
_b
Mehta Publishing House
300
_a
848 p.; 32 cm.
365
_c
RS
_b
25
999
_c
30396
_d
30396